[Event "Oberliga Ost-B 1516"]
[Site "Germany"]
[Date "2015.09.20"]
[Round "1.8"]
[White "Seeger, Werner"]
[Black "Rueger, Erhard"]
[Result "0-1"]
[WhiteElo "2221"]
[BlackElo "2111"]
[PlyCount "138"]
[EventDate "2015.09.20"]
[EventType "team-tourn"]
[EventRounds "11"]
[EventCountry "GER"]
[SourceTitle "EXT 2017"]
[Source "ChessBase"]
[SourceDate "2016.10.25"]
[SourceVersion "1"]
[SourceVersionDate "2016.10.25"]
[SourceQuality "1"]
[WhiteTeam "Nied"]
[BlackTeam "Frankfurt BvK"]
[WhiteTeamCountry "GER"]
[BlackTeamCountry "GER"]

1. d4 Nf6 2. Nf3 e6 3. e3 c5 4. Bd3 Be7 5. Nbd2 0-0 6. c3 b6 7. 0-0 Bb7 8. Qe2 d5 9. Ne5 Nbd7 10. f4 Ne4 11. Nxd7 Qxd7 12. Qf3 Nxd2 13. Bxd2 g6 14. Be1 Bf6 15. Qg4 Bg7 16. Rf3 f5 17. Qg3 Bc6 18. Qf2 Bb5 19. Qe2 Bxd3 20. Qxd3 c4 21. Qc2 b5 22. Rf1 Rfb8 23. b3 Rc8 24. Rb1 Rc7 25. b4 a5 26. a3 axb4 27. axb4 Rca7 28. Bd2 Ra4 29. Bc1 R8a6 30. Bb2 Qa7 31. Qd1 Ra2 32. g4 fxg4 33. Qxg4 Qf7 34. Ra1 Qf5 35. Qxf5 exf5 36. Rxa2 Rxa2 37. Rb1 Kf7 38. Kf2 Bf8 39. Ke1 h6 40. Kd1 g5 41. Kc2 Bd6 42. Rf1 Kg6 43. Kb1 Ra8 44. Bc1 Re8 45. Rf2 Ra8 46. Rg2 g4 47. Bd2 Re8 48. Kc2 Kh5 49. Rg3 Kg6 50. Rg1 Ra8 51. Kb2 Be7 52. Be1 Kh5 53. Bg3 Kg6 54. Bf2 Kf7 55. Rh1 h5 56. h4 gxh3 57. Rxh3 Rg8 58. Rh2 Rg4 59. Kc2 h4 60. Kd1 Kg6 61. Ke2 Kh5 62. Kf3 Rg8 63. Rh1 Ra8 64. Rg1 Bf6 65. Rc1 Ra3 66. Be1 Ra2 67. Bf2 h3 68. Rh1 Bh4 69. Bg3 h2 0-1

[Event "Landesliga Nord 0708"]
[Site "Bayern"]
[Date "2007.11.25"]
[Round "3.7"]
[White "Sarec, Ivica"]
[Black "Seeger, Werner"]
[Result "1/2-1/2"]
[WhiteElo "2021"]
[BlackElo "2012"]
[PlyCount "121"]
[EventDate "2007.10.21"]
[EventType "team-tourn"]
[EventRounds "9"]
[EventCountry "GER"]
[SourceTitle "EXT 2009"]
[Source "ChessBase"]
[SourceDate "2008.11.26"]
[SourceVersion "1"]
[SourceVersionDate "2008.11.26"]
[SourceQuality "1"]
[WhiteTeam "Puschendorf"]
[BlackTeam "Burgsinn"]
[WhiteTeamCountry "GER"]
[BlackTeamCountry "GER"]

1. c4 e6 2. Nf3 d5 3. g3 c5 4. cxd5 exd5 5. d4 Nc6 6. Bg2 Nf6 7. 0-0 Be7 8. dxc5 Bxc5 9. Bg5 Be6 10. Nc3 Be7 11. Nd4 0-0 12. Nxe6 fxe6 13. Bh3 Qd7 14. Qa4 Bb4 15. f3 Rae8 16. Rfd1 Qc7 17. Qc2 Qb6+ 18. Kh1 Bxc3 19. Qxc3 h6 20. Be3 Qb5 21. Bc5 Rf7 22. a4 Qc4 23. Qxc4 dxc4 24. Rac1 b6 25. Bf2 Na5 26. Rd6 Rfe7 27. e4 Kf7 28. Be1 Rc8 29. Bxa5 bxa5 30. Ra6 Rc5 31. Kg1 g5 32. Bf1 Rec7 33. Rd6 Ke7 34. Rd4 c3 35. bxc3 Rxc3 36. Rxc3 Rxc3 37. Kf2 e5 38. Rd2 g4 39. Be2 h5 40. Rb2 Kd6 41. Rb5 Rc5 42. Rb8 Rc2 43. Ra8 gxf3 44. Kxf3 Nxe4 45. Rxa7 Ng5+ 46. Ke3 Rc3+ 47. Kd2 Ne4+ 48. Kd1 Kd5 49. Bxh5 Kd4 50. Ke2 Rc2+ 51. Kf3 Rf2+ 52. Kg4 Rxh2 53. Bg6 Nf2+ 54. Kf3 Nh3 55. Rxa5 e4+ 56. Bxe4 Ng1+ 57. Kf4 Rf2+ 58. Kg5 Kxe4 59. g4 Nf3+ 60. Kh6 Rh2+ 61. Kg6 1/2-1/2

[Event "GER-chT LG-1 email"]
[Site "GER email"]
[Date "2007.10.25"]
[Round "?"]
[White "Willert Betker, Sabine"]
[Black "Seeger, Werner"]
[Result "1/2-1/2"]
[WhiteElo "2368"]
[BlackElo "2000"]
[PlyCount "103"]
[EventDate "2007.??.??"]
[EventType "tourn (corr)"]
[EventRounds "8"]
[EventCountry "GER"]
[SourceTitle "Corr 2011"]
[Source "ChessBase"]
[SourceDate "2010.08.31"]
[SourceVersion "1"]
[SourceVersionDate "2010.08.31"]
[SourceQuality "1"]

1. e4 e5 2. Nf3 Nc6 3. Bb5 a6 4. Ba4 Nf6 5. 0-0 Be7 6. Re1 b5 7. Bb3 d6 8. c3 0-0 9. h3 Na5 10. Bc2 c5 11. d4 Qc7 12. Nbd2 cxd4 13. cxd4 Nc6 14. Nb3 a5 15. Be3 a4 16. Nbd2 Bd7 17. Rc1 Rac8 18. Nf1 Qb8 19. Bb1 Rfe8 20. Ng3 Na5 21. Rxc8 Bxc8 22. b3 axb3 23. axb3 b4 24. Re2 Bd8 25. Rd2 exd4 26. Bxd4 Be6 27. Bc2 Nc6 28. Bb2 Be7 29. Nh4 g6 30. Nhf5 Bxf5 31. exf5 d5 32. Bxf6 Bxf6 33. Rxd5 Rd8 34. Ne4 Be5 35. fxg6 hxg6 36. g3 Nd4 37. Rxd8+ Qxd8 38. Bd3 Qd5 39. Nd2 Qd6 40. Kg2 Kg7 41. Qe1 Qc6+ 42. Be4 Qc3 43. Qe3 Bc7 44. h4 Be5 45. Bd3 Nc6 46. Nc4 Bd4 47. Qe4 Ne5 48. Nxe5 Bxe5 49. Bc4 Bd6 50. Qd5 Qf6 51. h5 gxh5 52. Qxh5 1/2-1/2

[Event "Regionalliga NW 0607"]
[Site "Bayern"]
[Date "2007.04.22"]
[Round "9.5"]
[White "Link, Klaus"]
[Black "Seeger, Werner"]
[Result "1-0"]
[WhiteElo "1970"]
[BlackElo "2020"]
[PlyCount "79"]
[EventDate "2006.10.15"]
[EventType "team-tourn"]
[EventRounds "9"]
[EventCountry "GER"]
[SourceTitle "EXT 2008"]
[Source "ChessBase"]
[SourceDate "2007.11.25"]
[SourceVersion "1"]
[SourceVersionDate "2007.11.25"]
[SourceQuality "1"]
[WhiteTeam "Klingenberg"]
[BlackTeam "Burgsinn"]
[WhiteTeamCountry "GER"]
[BlackTeamCountry "GER"]

1. e4 c5 2. Nf3 d6 3. d4 cxd4 4. Nxd4 Nf6 5. Nc3 Nbd7 6. Bb5 a6 7. Ba4 b5 8. Bb3 Nb6 9. 0-0 e5 10. Nf3 Be6 11. Bxe6 fxe6 12. Ng5 Qd7 13. f4 exf4 14. Bxf4 e5 15. Be3 Nc4 16. Rxf6 Nxe3 17. Qh5+ g6 18. Qf3 Qa7 19. Kh1 Be7 20. Rf7 Bxg5 21. Rxa7 Rxa7 22. Qg3 Bf4 23. Qh3 0-0 24. Qe6+ Kg7 25. g3 Bg5 26. Qxd6 Raf7 27. h4 Nc4 28. Qe6 Rf6 29. Qg4 Bd2 30. Nd5 h5 31. Qd7+ R6f7 32. Qe6 Rf3 33. b3 Ne3 34. Qxe5+ Kh7 35. Nxe3 Bxe3 36. Rd1 R8f7 37. c4 bxc4 38. bxc4 Bh6 39. Rg1 Bg7 40. Qd5 1-0

[Event "GER KF-36 Class1 B4 email"]
[Site "GER email"]
[Date "2007.??.??"]
[Round "?"]
[White "Seeger, Werner"]
[Black "Swoboda, Sebastian"]
[Result "0-1"]
[WhiteElo "2002"]
[BlackElo "1864"]
[PlyCount "54"]
[EventDate "2007.??.??"]
[EventType "tourn (corr)"]
[EventRounds "6"]
[EventCountry "GER"]
[SourceTitle "Corr 2008"]
[Source "ChessBase"]
[SourceDate "2008.06.24"]
[SourceVersion "1"]
[SourceVersionDate "2008.06.24"]
[SourceQuality "1"]

1. e4 c5 2. Nf3 d6 3. d4 cxd4 4. Nxd4 Nf6 5. Nc3 a6 6. Be3 e6 7. f3 b5 8. g4 Nfd7 9. Qd2 Nb6 10. a4 Nc4 11. Bxc4 bxc4 12. 0-0 Bb7 13. Qe2 Nd7 14. Qxc4 Rc8 15. Qe2 Be7 16. f4 Nf6 17. Rfd1 0-0 18. e5 Nd5 19. Nxd5 Bxd5 20. exd6 Qxd6 21. b3 Rc3 22. Bd2 Rh3 23. Qf1 Rh6 24. Be3 Qc7 25. Rac1 Ba8 26. Rd2 Rg6 27. h3 h5 0-1

[Event "Regionalliga NW 0607"]
[Site "Bayern"]
[Date "2006.11.19"]
[Round "3.6"]
[White "Haase, Joerg"]
[Black "Seeger, Werner"]
[Result "0-1"]
[WhiteElo "1895"]
[BlackElo "2027"]
[PlyCount "34"]
[EventDate "2006.10.15"]
[EventType "team-tourn"]
[EventRounds "9"]
[EventCountry "GER"]
[SourceTitle "EXT 2008"]
[Source "ChessBase"]
[SourceDate "2007.11.25"]
[SourceVersion "1"]
[SourceVersionDate "2007.11.25"]
[SourceQuality "1"]
[WhiteTeam "Schweinheim"]
[BlackTeam "Burgsinn"]
[WhiteTeamCountry "GER"]
[BlackTeamCountry "GER"]

1. d4 d5 2. Nc3 Nf6 3. Bg5 Nbd7 4. f3 h6 5. Bh4 c6 6. e4 Qb6 7. Rb1 dxe4 8. Nxe4 Nxe4 9. fxe4 e5 10. dxe5 Qb4+ 11. Kf2 Bc5+ 12. Kg3 g5 13. e6 gxh4+ 14. Kh3 Ne5 15. Bd3 Bxe6+ 16. Kxh4 Rg8 17. Nf3 Bf2+ 0-1

[Event "Regionalliga NW 0607"]
[Site "Bayern"]
[Date "2006.10.15"]
[Round "1.6"]
[White "Bachmann, Wolfgang"]
[Black "Seeger, Werner"]
[Result "1/2-1/2"]
[WhiteElo "1922"]
[BlackElo "2027"]
[PlyCount "46"]
[EventDate "2006.10.15"]
[EventType "team-tourn"]
[EventRounds "9"]
[EventCountry "GER"]
[SourceTitle "EXT 2008"]
[Source "ChessBase"]
[SourceDate "2007.11.25"]
[SourceVersion "1"]
[SourceVersionDate "2007.11.25"]
[SourceQuality "1"]
[WhiteTeam "Wuerzburg II"]
[BlackTeam "Burgsinn"]
[WhiteTeamCountry "GER"]
[BlackTeamCountry "GER"]

1. d4 d5 2. c4 e6 3. Nc3 c5 4. cxd5 exd5 5. Nf3 Nc6 6. g3 Nf6 7. Bg2 cxd4 8. Nxd4 Bc5 9. Nxc6 bxc6 10. 0-0 0-0 11. Bg5 Rb8 12. Rc1 h6 13. Bxf6 Qxf6 14. Nxd5 cxd5 15. Rxc5 Rxb2 16. Rc2 Be6 17. Rxb2 Qxb2 18. Bxd5 Rd8 19. Qb3 Qxb3 20. Bxb3 Bxb3 21. axb3 Rb8 22. Rb1 a5 23. Ra1 Rxb3 1/2-1/2

[Event "Regionalliga NW 0405"]
[Site "Bayern"]
[Date "2005.01.30"]
[Round "6.5"]
[White "Vogt, Thomas"]
[Black "Seeger, Werner"]
[Result "1/2-1/2"]
[WhiteElo "1973"]
[BlackElo "2089"]
[PlyCount "97"]
[EventDate "2004.10.24"]
[EventType "team-tourn"]
[EventRounds "9"]
[EventCountry "GER"]
[SourceTitle "EXT 2007"]
[Source "ChessBase"]
[SourceDate "2006.11.23"]
[SourceVersion "1"]
[SourceVersionDate "2006.11.23"]
[SourceQuality "1"]
[WhiteTeam "Wuerzburg II"]
[BlackTeam "Burgsinn"]
[WhiteTeamCountry "GER"]
[BlackTeamCountry "GER"]

1. e4 c5 2. Nf3 d6 3. d4 cxd4 4. Nxd4 Nf6 5. Nc3 Nbd7 6. Be3 a6 7. a4 Nc5 8. f3 e5 9. Nb3 Be6 10. Be2 Nxb3 11. cxb3 d5 12. exd5 Nxd5 13. Nxd5 Qxd5 14. Qxd5 Bxd5 15. Bc4 Bc6 16. Bb6 Bb4+ 17. Kf2 0-0 18. Rac1 Rfe8 19. Rhd1 g6 20. Rc2 Kg7 21. Re2 f6 22. Re3 Rac8 23. Red3 Bxa4 24. bxa4 Rxc4 25. Rd7+ Re7 26. Rxe7+ Bxe7 27. Rd7 Kf8 28. Rxb7 Rxa4 29. Rb8+ Kf7 30. Rb7 Ke6 31. Ra7 h5 32. Be3 f5 33. Ra8 f4 34. Ba7 Rb4 35. Rb8 Kd5 36. Ke2 Rxb8 37. Bxb8 Bd6 38. Ba7 Kc4 39. Kd2 Bc5 40. Bb8 Bd4 41. Kc2 Kd5 42. b3 Bb6 43. Kc3 g5 44. Kd3 a5 45. h3 h4 46. Kd2 e4 47. fxe4+ Kxe4 48. Ke2 Bd8 49. Ba7 1/2-1/2

[Event "Regionalliga NW 0405"]
[Site "Bayern"]
[Date "2004.12.12"]
[Round "4.6"]
[White "Schweizer, Wolfgang D"]
[Black "Seeger, Werner"]
[Result "1/2-1/2"]
[WhiteElo "1974"]
[BlackElo "2089"]
[PlyCount "38"]
[EventDate "2004.10.24"]
[EventType "team-tourn"]
[EventRounds "9"]
[EventCountry "GER"]
[SourceTitle "EXT 2007"]
[Source "ChessBase"]
[SourceDate "2006.11.23"]
[SourceVersion "1"]
[SourceVersionDate "2006.11.23"]
[SourceQuality "1"]
[WhiteTeam "Kulmbach"]
[BlackTeam "Burgsinn"]
[WhiteTeamCountry "GER"]
[BlackTeamCountry "GER"]

1. e4 e6 2. d3 d5 3. Nd2 c5 4. Ngf3 Nc6 5. Be2 Nf6 6. c3 Bd6 7. Qc2 0-0 8. 0-0 b6 9. Re1 Qc7 10. Nf1 h6 11. Ng3 Bd7 12. Bd2 Ne7 13. Bf1 Ng6 14. exd5 exd5 15. d4 Rfe8 16. Bd3 Nf4 17. Bf5 Rxe1+ 18. Rxe1 Re8 19. Bxd7 Rxe1+ 1/2-1/2

[Event "Regionalliga NW 0304"]
[Site "Bayern"]
[Date "2004.04.25"]
[Round "9.4"]
[White "Seeger, Werner"]
[Black "Frobenius, Wolfram"]
[Result "0-1"]
[WhiteElo "2105"]
[BlackElo "2163"]
[PlyCount "72"]
[EventDate "2003.10.12"]
[EventType "team-tourn"]
[EventRounds "9"]
[EventCountry "GER"]
[SourceTitle "EXT 2006"]
[Source "ChessBase"]
[SourceDate "2005.11.24"]
[SourceVersion "1"]
[SourceVersionDate "2005.11.24"]
[SourceQuality "1"]
[WhiteTeam "Burgsinn"]
[BlackTeam "Koenigshofen"]
[WhiteTeamCountry "GER"]
[BlackTeamCountry "GER"]

1. d4 d5 2. Nf3 Nf6 3. c4 e6 4. e3 Be7 5. Nc3 0-0 6. Bd3 b6 7. 0-0 Bb7 8. cxd5 exd5 9. Ne5 c5 10. a3 Nc6 11. Nxc6 Bxc6 12. Bb5 Bxb5 13. Nxb5 c4 14. Nc3 Qd7 15. f3 Rfd8 16. Bd2 b5 17. Be1 a5 18. a4 b4 19. Nb5 Rac8 20. h3 Ne8 21. Bg3 Nd6 22. Bxd6 Bxd6 23. Rc1 Re8 24. Qd2 Bg3 25. f4 h5 26. Rf3 h4 27. Qc2 Re4 28. b3 c3 29. Qd3 Rce8 30. Rc2 Qe7 31. Re2 Rxf4 32. Rxf4 Bxf4 33. Kf2 Bg3+ 34. Kg1 Rc8 35. Rc2 Rc6 36. Re2 c2 0-1

[Event "Regionalliga NW 0304"]
[Site "Bayern"]
[Date "2003.11.23"]
[Round "3.4"]
[White "Zoeller, Bernd"]
[Black "Seeger, Werner"]
[Result "0-1"]
[WhiteElo "2035"]
[BlackElo "2105"]
[PlyCount "48"]
[EventDate "2003.10.12"]
[EventType "team-tourn"]
[EventRounds "9"]
[EventCountry "GER"]
[SourceTitle "EXT 2006"]
[Source "ChessBase"]
[SourceDate "2005.11.24"]
[SourceVersion "1"]
[SourceVersionDate "2005.11.24"]
[SourceQuality "1"]
[WhiteTeam "Klingenberg"]
[BlackTeam "Burgsinn"]
[WhiteTeamCountry "GER"]
[BlackTeamCountry "GER"]

1. e4 e6 2. d4 c5 3. d5 Nf6 4. dxe6 fxe6 5. e5 Nd5 6. c4 Ne7 7. Bg5 Qc7 8. f4 Nbc6 9. Nc3 Nd4 10. Bd3 b5 11. Nge2 bxc4 12. Bxc4 Nef5 13. Kf2 Bb7 14. Ng3 Bxg2 15. Nxf5 Nxf5 16. Rg1 Bc6 17. Qh5+ g6 18. Qh3 Rb8 19. b3 Bg7 20. Bd3 0-0 21. Ne4 Bxe4 22. Bxe4 c4 23. Bxf5 Rxf5 24. Qc3 Bxe5 0-1

[Event "Regionalliga NW 0304"]
[Site "Bayern"]
[Date "2003.11.02"]
[Round "2.4"]
[White "Seeger, Werner"]
[Black "Vogt, Thomas"]
[Result "1-0"]
[WhiteElo "2105"]
[BlackElo "2014"]
[PlyCount "84"]
[EventDate "2003.10.12"]
[EventType "team-tourn"]
[EventRounds "9"]
[EventCountry "GER"]
[SourceTitle "EXT 2006"]
[Source "ChessBase"]
[SourceDate "2005.11.24"]
[SourceVersion "1"]
[SourceVersionDate "2005.11.24"]
[SourceQuality "1"]
[WhiteTeam "Burgsinn"]
[BlackTeam "Wuerzburg II"]
[WhiteTeamCountry "GER"]
[BlackTeamCountry "GER"]

1. d4 Nf6 2. c4 e6 3. g3 d5 4. Bg2 Be7 5. Nf3 0-0 6. 0-0 b6 7. Nc3 Bb7 8. Qc2 Na6 9. a3 c5 10. cxd5 Nxd5 11. Nxd5 Bxd5 12. Rd1 cxd4 13. Nxd4 Bxg2 14. Kxg2 Qd5+ 15. e4 Qb7 16. Qc6 Rab8 17. Bf4 Rfc8 18. Qxb7 Rxb7 19. Rac1 Re8 20. Nb5 Nc5 21. f3 h6 22. b4 Na6 23. h4 Nb8 24. Bd6 a6 25. Nc7 Rc8 26. Bxe7 Rbxc7 27. Rd8+ Kh7 28. Rxc7 Rxc7 29. Rxb8 Rxe7 30. Rxb6 Ra7 31. h5 Ra8 32. Kf2 Kg8 33. a4 Kf8 34. Ke3 Ra7 35. e5 Ke7 36. f4 Kd7 37. Kd4 Kc7 38. Kc5 Ra8 39. g4 Ra7 40. f5 Ra8 41. fxe6 fxe6 42. Rxe6 Kd7 1-0

[Event "Landesliga Nord 0203"]
[Site "Bayern"]
[Date "2003.03.30"]
[Round "9.4"]
[White "Muenster, Erich"]
[Black "Seeger, Werner"]
[Result "1/2-1/2"]
[WhiteElo "2079"]
[BlackElo "2108"]
[PlyCount "37"]
[EventDate "2002.10.20"]
[EventType "team-tourn"]
[EventRounds "9"]
[EventCountry "GER"]
[SourceTitle "EXT 2004"]
[Source "ChessBase"]
[SourceDate "2003.11.25"]
[SourceVersion "1"]
[SourceVersionDate "2003.11.25"]
[SourceQuality "1"]
[WhiteTeam "Cham"]
[BlackTeam "Burgsinn"]
[WhiteTeamCountry "GER"]
[BlackTeamCountry "GER"]

1. e4 d5 2. exd5 Nf6 3. Nc3 Nxd5 4. Bc4 Nb6 5. Bb3 Nc6 6. Nf3 Bf5 7. d4 e6 8. 0-0 Be7 9. Bf4 0-0 10. a4 Bf6 11. a5 Nd5 12. Nxd5 exd5 13. Ne5 Bxe5 14. dxe5 Ne7 15. Qd4 c6 16. Bd2 Re8 17. f4 Qd7 18. Bb4 Be4 19. Bxe7 1/2-1/2

[Event "Landesliga Nord 0203"]
[Site "Bayern"]
[Date "2003.01.12"]
[Round "4.4"]
[White "Seeger, Werner"]
[Black "Tiller, Jaroslav"]
[Result "1/2-1/2"]
[WhiteElo "2108"]
[BlackElo "2132"]
[PlyCount "106"]
[EventDate "2002.10.20"]
[EventType "team-tourn"]
[EventRounds "9"]
[EventCountry "GER"]
[SourceTitle "EXT 2004"]
[Source "ChessBase"]
[SourceDate "2003.11.25"]
[SourceVersion "1"]
[SourceVersionDate "2003.11.25"]
[SourceQuality "1"]
[WhiteTeam "Burgsinn"]
[BlackTeam "Bindlach II"]
[WhiteTeamCountry "GER"]
[BlackTeamCountry "GER"]

1. d4 Nf6 2. Nf3 d6 3. c4 Nbd7 4. Nc3 e5 5. e4 Be7 6. g3 0-0 7. Bg2 Re8 8. 0-0 Bf8 9. h3 c6 10. Re1 Qc7 11. Bg5 h6 12. Be3 a5 13. Rc1 g6 14. b3 Qb8 15. Qc2 b5 16. cxb5 cxb5 17. d5 Ba6 18. Qb1 b4 19. Na4 Qb7 20. Bf1 Bxf1 21. Rxf1 Rac8 22. Nd2 Qb5 23. Rc4 Rxc4 24. Nxc4 Rc8 25. Qd3 Nc5 26. Nxc5 dxc5 27. f3 Qd7 28. Kg2 Qe8 29. Rf2 Ra8 30. g4 Ra7 31. Rc2 a4 32. Bf2 axb3 33. axb3 Ra1 34. Rd2 Nd7 35. Bg3 Bg7 36. Ne3 Qa8 37. Qb5 Qa7 38. Bf2 Rb1 39. Qd3 Qa1 40. Qb5 Qa7 41. Rd3 Rb2 42. Nc4 Ra2 43. Rd2 Ra1 44. Rc2 Bf8 45. Kg3 Rb1 46. Nd2 Ra1 47. Qc6 Kg7 48. Be3 Re1 49. Kf2 Ra1 50. h4 Ra6 51. Qb5 Rb6 52. Qe2 Ra6 53. Kg3 Ra1 1/2-1/2

[Event "Landesliga Nord 0203"]
[Site "Bayern"]
[Date "2002.12.15"]
[Round "3.4"]
[White "Seeger, Werner"]
[Black "Schoenau, Werner"]
[Result "0-1"]
[WhiteElo "2172"]
[BlackElo "2108"]
[PlyCount "60"]
[EventDate "2002.10.20"]
[EventType "team-tourn"]
[EventRounds "9"]
[EventCountry "GER"]
[SourceTitle "EXT 2004"]
[Source "ChessBase"]
[SourceDate "2003.11.25"]
[SourceVersion "1"]
[SourceVersionDate "2003.11.25"]
[SourceQuality "1"]
[WhiteTeam "Burgsinn"]
[BlackTeam "Dettingen"]
[WhiteTeamCountry "GER"]
[BlackTeamCountry "GER"]

1. d4 Nf6 2. Nf3 g6 3. Bg5 Bg7 4. Nbd2 d5 5. e3 0-0 6. Bd3 c5 7. 0-0 c4 8. Be2 b5 9. c3 Bb7 10. Qc2 Nbd7 11. Bxf6 Nxf6 12. Ne5 Ne4 13. f4 f6 14. Nxe4 dxe4 15. Ng4 Qd5 16. Nf2 e5 17. g3 exf4 18. gxf4 g5 19. Nh3 Qf5 20. Kg2 Bc8 21. Ng1 Bh6 22. Qd2 Kh8 23. Kh1 Bb7 24. Qd1 gxf4 25. Bg4 Qg6 26. exf4 Rg8 27. Bh3 e3+ 28. Nf3 Qh5 29. Bg2 Bxf4 30. Qe2 Bxh2 0-1

[Event "Schneider Bohemia op"]
[Site "Plzen"]
[Date "2001.08.24"]
[Round "7"]
[White "Seeger, Werner"]
[Black "Virostko, Petr"]
[Result "0-1"]
[WhiteElo "2240"]
[BlackElo "2294"]
[PlyCount "74"]
[EventDate "2001.08.18"]
[EventType "swiss"]
[EventRounds "9"]
[EventCountry "CZE"]
[SourceTitle "EXT 2002"]
[Source "ChessBase"]
[SourceDate "2001.11.25"]
[SourceVersion "1"]
[SourceVersionDate "2001.11.25"]
[SourceQuality "1"]

1. d4 Nf6 2. Nf3 c5 3. e3 e6 4. Nbd2 Nc6 5. c3 d5 6. Bd3 Bd6 7. 0-0 0-0 8. dxc5 Bxc5 9. e4 h6 10. h3 Bd6 11. Re1 Bc7 12. exd5 exd5 13. Nb3 Qd6 14. Be3 Ne4 15. Nbd4 a6 16. Nxc6 Qxc6 17. Bf1 Bd7 18. Qd4 Be6 19. Rad1 Rad8 20. Ne5 Qd6 21. f4 f6 22. Nd3 Rfe8 23. Be2 Bf7 24. Bf3 Qf8 25. Qa7 Re7 26. Nf2 Bb8 27. Qb6 Bc7 28. Qa7 Ra8 29. Qd4 Qe8 30. a3 Rd8 31. Qb4 Bd6 32. Qb6 Bc7 33. Qb4 a5 34. Qd4 b6 35. Qd3 Nc5 36. Qd2 Nb3 37. Qd3 Bxf4 0-1

[Event "Regionalliga NW 0001"]
[Site "Bayern"]
[Date "2000.10.15"]
[Round "1.6"]
[White "Wilfert, Andre"]
[Black "Seeger, Werner"]
[Result "0-1"]
[WhiteElo "1945"]
[BlackElo "2140"]
[PlyCount "108"]
[EventDate "2000.10.15"]
[EventType "team-tourn"]
[EventRounds "9"]
[EventCountry "GER"]
[SourceTitle "EXT 2020"]
[Source "ChessBase"]
[SourceDate "2019.10.17"]
[SourceVersion "1"]
[SourceVersionDate "2019.10.17"]
[SourceQuality "1"]
[WhiteTeam "Hof SK"]
[BlackTeam "Burgsinn"]
[WhiteTeamCountry "GER"]
[BlackTeamCountry "GER"]

1. e4 d5 2. exd5 Nf6 3. d4 Nxd5 4. Nf3 Bg4 5. Be2 e6 6. c4 Nb6 7. Nc3 Be7 8. 0-0 0-0 9. Be3 Nc6 10. Rc1 Bxf3 11. Bxf3 Nxc4 12. Bxc6 bxc6 13. Na4 Qd5 14. Qc2 Nb6 15. Nxb6 cxb6 16. Qxc6 Qxa2 17. Rc2 Qb3 18. Rfc1 h6 19. Qe4 Qb5 20. Rc7 Bg5 21. Bxg5 Qxg5 22. h4 Qd2 23. R1c2 Qd1+ 24. Kh2 Rad8 25. R2c4 b5 26. Rc1 Qxd4 27. Qxd4 Rxd4 28. Rxa7 Rxh4+ 29. Kg3 Rb4 30. Rc2 g5 31. Rb7 Kg7 32. Kf3 Kg6 33. Ke3 h5 34. Rd7 h4 35. Rd4 Rxd4 36. Kxd4 Rd8+ 37. Ke4 Rd5 38. b4 f5+ 39. Ke3 Kf6 40. Rc8 Ke5 41. Rg8 Rd4 42. Rxg5 Rxb4 43. Rh5 Rg4 44. f3 Rxg2 45. Rxh4 Rg8 46. Rb4 Rb8 47. Rd4 b4 48. f4+ Kf6 49. Rd2 b3 50. Rb2 Ke7 51. Kd3 Rb4 52. Ke3 Kd6 53. Kf3 Kc5 54. Ke3 Re4+ 0-1

[Event "Regionalliga NW 9900"]
[Site "Bayern"]
[Date "2000.??.??"]
[Round "8.5"]
[White "Neubauer, Jaroslaus"]
[Black "Seeger, Werner"]
[Result "1/2-1/2"]
[WhiteElo "1990"]
[BlackElo "2005"]
[PlyCount "95"]
[EventDate "1999.??.??"]
[EventType "team-tourn"]
[EventRounds "9"]
[EventCountry "GER"]
[SourceTitle "EXT 2020"]
[Source "ChessBase"]
[SourceDate "2019.10.17"]
[SourceVersion "1"]
[SourceVersionDate "2019.10.17"]
[SourceQuality "1"]
[WhiteTeam "Schweinfurt Fr"]
[BlackTeam "Burgsinn"]
[WhiteTeamCountry "GER"]
[BlackTeamCountry "GER"]

1. e4 Nf6 2. Nc3 e5 3. Nf3 Bb4 4. Bc4 Nc6 5. d3 d6 6. 0-0 Bg4 7. h3 Bh5 8. Bg5 Bxf3 9. Qxf3 Nd4 10. Qd1 Bxc3 11. bxc3 Ne6 12. Be3 0-0 13. g3 d5 14. exd5 Nxd5 15. Bd2 Qd6 16. Qe2 Rfe8 17. Rfe1 Nb6 18. Bb3 Nc5 19. Qh5 Nxb3 20. axb3 Nd5 21. Ra4 Nf6 22. Qf5 Qe6 23. Qf3 Qxh3 24. Rh4 Qd7 25. Qxb7 c6 26. Qxd7 Nxd7 27. Ra1 a6 28. Rha4 Nb8 29. Kg2 Ra7 30. Be3 Rd7 31. Rb4 f6 32. Rb6 Rc8 33. c4 Kf7 34. Ra4 g5 35. Rab4 Rdd8 36. Rb7+ Kg6 37. Ra7 h5 38. Rbb7 c5 39. Rh7 Rg8 40. Rhc7 Nc6 41. Rxc8 Rxc8 42. Rxa6 Nb4 43. Ra5 Nxc2 44. Kf1 Nxe3+ 45. fxe3 Kf5 46. d4 Ke4 47. Rxc5 Ra8 48. dxe5 1/2-1/2